Zmeny na poistnom trhu spôsobené vplyvom Covidu-19 diplomová práca

Na minha lista:
Detalhes bibliográficos
Autor principal: Šároši, Daniel
Autor Corporativo: Národohospodárska fakulta EU. Katedra poisťovníctva
Outros Autores: Snopková, Andrea, 1987-
Formato: Livro
Idioma:eslovaco
Publicado em: Bratislava 2022
Tags: Adicionar Tag
Sem tags, seja o primeiro a adicionar uma tag!

MARC

LEADER 00000nbm a2200000 4500
001 0284117
005 20230302125906.0
041 0 |a slo 
044 |a SK 
245 1 0 |a Zmeny na poistnom trhu spôsobené vplyvom Covidu-19  |b diplomová práca  |c Daniel Šároši ; školiteľ: Andrea Snopková 
264 1 |a Bratislava  |c 2022 
300 |a 85 s. 
100 1 |a Šároši, Daniel 
700 1 |a Snopková, Andrea, 1987- 
710 2 |a Národohospodárska fakulta EU. Katedra poisťovníctva